[Event "Wch U14"]
[Site "Florianopolis"]
[Date "2024.11.05"]
[Round "7"]
[White "Myny, Sigur H"]
[Black "Talwalkar, Vedant"]
[Result "0-1"]
[WhiteElo "1883"]
[BlackElo "2120"]
[PlyCount "82"]
[EventDate "2024.10.29"]
[EventType "swiss"]
[EventRounds "11"]
[EventCountry "BRA"]
[SourceTitle "CB45_2024"]
[Source "ChessBase"]
[SourceDate "2024.11.06"]
[SourceVersion "1"]
[SourceVersionDate "2024.11.06"]
[SourceQuality "1"]

1. d4 Nf6 2. Nf3 d5 3. g3 c5 4. Bg2 cxd4 5. Nxd4 e5 6. Nb3 Nc6 7. Bg5 Be6 8. 0-0 Be7 9. Nc3 d4 10. Bxf6 Bxf6 11. Ne4 Be7 12. Nbc5 Qc8 13. c3 f5 14. Nxe6 Qxe6 15. cxd4 Nxd4 16. Nc3 0-0-0 17. e3 Nc6 18. Bd5 Qd7 19. Qb3 Na5 20. Qc2 Kb8 21. Rfd1 Qe8 22. Qa4 Nc6 23. Rac1 a6 24. Qb3 Rd6 25. Na4 Rd8 26. Nc5 Ka7 27. Ne6 Rxd5 28. Nd8 Rxd8 29. Rxd8 Bxd8 30. Qd5 f4 31. exf4 exf4 32. Qd6 f3 33. Qf4 Qe6 34. Qe3+ Qxe3 35. fxe3 g5 36. Rc4 Ne5 37. Rc5 Ng6 38. Rf5 f2+ 39. Kh1 Bc7 40. Rf3 Ba5 41. Kg2 f1Q+ 0-1

[Event "Wch U14"]
[Site "Florianopolis"]
[Date "2024.11.03"]
[Round "6"]
[White "Prokhorov, Aleksey"]
[Black "Myny, Sigur H"]
[Result "1-0"]
[WhiteElo "2296"]
[BlackElo "1883"]
[PlyCount "81"]
[EventDate "2024.10.29"]
[EventType "swiss"]
[EventRounds "11"]
[EventCountry "BRA"]
[SourceTitle "CB45_2024"]
[Source "ChessBase"]
[SourceDate "2024.11.06"]
[SourceVersion "1"]
[SourceVersionDate "2024.11.06"]
[SourceQuality "1"]

1. e4 c6 2. d4 d5 3. Nd2 dxe4 4. Nxe4 Bf5 5. Ng3 Bg6 6. Nh3 Nf6 7. Nf4 e5 8. Nxg6 hxg6 9. dxe5 Qa5+ 10. c3 Qxe5+ 11. Qe2 Bd6 12. Bd2 Nbd7 13. 0-0-0 Qxe2 14. Bxe2 0-0-0 15. Bg5 Bc7 16. h3 Rhe8 17. Rde1 Ne5 18. Kc2 Bb6 19. Rhf1 Kb8 20. f3 Re6 21. f4 Ned7 22. f5 Re7 23. fxg6 fxg6 24. Bd3 Rxe1 25. Rxe1 Bf2 26. Bf4+ Ka8 27. Re2 g5 28. Rxf2 gxf4 29. Rxf4 Kb8 30. Nf5 g5 31. Rf2 Nd5 32. Nd4 Nf4 33. Bf5 Ne5 34. h4 Nd5 35. hxg5 Rg8 36. g6 Ne7 37. b4 Nc4 38. Ne6 Nb6 39. g7 Nxf5 40. Rxf5 Nd7 41. Rf8+ 1-0

[Event "Wch U14"]
[Site "Florianopolis"]
[Date "2024.11.01"]
[Round "4"]
[White "Lisenkov, Svyatoslav"]
[Black "Myny, Sigur H"]
[Result "1-0"]
[WhiteElo "2153"]
[BlackElo "1883"]
[PlyCount "89"]
[EventDate "2024.10.29"]
[EventType "swiss"]
[EventRounds "11"]
[EventCountry "BRA"]
[SourceTitle "CB45_2024"]
[Source "ChessBase"]
[SourceDate "2024.11.06"]
[SourceVersion "1"]
[SourceVersionDate "2024.11.06"]
[SourceQuality "1"]

1. e4 c6 2. d4 d5 3. e5 c5 4. Nf3 Nc6 5. dxc5 Bg4 6. c3 e6 7. Be3 a6 8. Nbd2 Nxe5 9. Be2 Nd7 10. Qa4 Ngf6 11. c6 bxc6 12. Qxc6 a5 13. 0-0 Rc8 14. Qa4 Bd6 15. Nb3 Ra8 16. Rfd1 0-0 17. c4 Ne5 18. Nbd2 Qb8 19. h3 Bh5 20. b3 Rd8 21. c5 Nxf3+ 22. Nxf3 Be7 23. Rac1 Qb4 24. Rd4 Qxa4 25. Rxa4 Ne4 26. g4 Bg6 27. Ne5 Rdc8 28. c6 Bb4 29. Bd4 f6 30. Nxg6 hxg6 31. a3 Bd6 32. Bb6 Nd2 33. b4 axb4 34. Rxa8 Rxa8 35. axb4 Rb8 36. c7 Bxc7 37. Bxc7 Rxb4 38. Ba5 Rb2 39. Bc3 Ra2 40. Bd3 g5 41. Bxd2 Rxd2 42. Bg6 Kf8 43. Rc7 e5 44. Rf7+ Kg8 45. Re7 1-0

[Event "Wch U14"]
[Site "Florianopolis"]
[Date "2024.10.31"]
[Round "3"]
[White "Myny, Sigur H"]
[Black "Tenguundalai, Ganbat"]
[Result "1-0"]
[WhiteElo "1883"]
[BlackElo "2109"]
[PlyCount "153"]
[EventDate "2024.10.29"]
[EventType "swiss"]
[EventRounds "11"]
[EventCountry "BRA"]
[SourceTitle "CB45_2024"]
[Source "ChessBase"]
[SourceDate "2024.11.06"]
[SourceVersion "1"]
[SourceVersionDate "2024.11.06"]
[SourceQuality "1"]

1. d4 Nf6 2. Nf3 e6 3. g3 b6 4. Bg2 Bb7 5. 0-0 Be7 6. c4 0-0 7. Nc3 Ne4 8. Nxe4 Bxe4 9. b3 d6 10. Bb2 Nd7 11. Qd2 f5 12. Ne1 Bxg2 13. Nxg2 Re8 14. Qc2 Bf6 15. e4 e5 16. dxe5 Nxe5 17. Bxe5 Bxe5 18. Rad1 fxe4 19. Qxe4 Kh8 20. Qd5 Qd7 21. Rfe1 Rad8 22. Re4 c6 23. Qd3 d5 24. cxd5 cxd5 25. Rh4 h6 26. Ne3 Bf6 27. Rh5 d4 28. Qg6 Re6 29. Ng4 Be7 30. Qf5 Rf8 31. Qd5 Rd6 32. Qe4 Bg5 33. Ne5 Qe8 34. Rh3 Re6 35. f4 Bf6 36. Ng6+ Kg8 37. Qd5 Rf7 38. f5 Re2 39. g4 Rxa2 40. g5 Ra5 41. Qg2 Bxg5 42. Qxg5 Raxf5 43. Qd2 Qe4 44. Rg3 R7f6 45. Re1 Qb7 46. Re8+ Kf7 47. Re7+ Qxe7 48. Nxe7 Kxe7 49. Rxg7+ Kf8 50. Rg3 Rf4 51. Qb4+ Kf7 52. Qc4+ Ke7 53. Qc7+ Ke6 54. Qxa7 Kd5 55. Qd7+ Ke5 56. Rg7 Rf1+ 57. Kg2 R6f2+ 58. Kh3 Rf3+ 59. Rg3 Rf4 60. Qb5+ Ke4 61. Qe8+ Kd5 62. Qd7+ Ke5 63. Qd8 Ke4 64. Qd7 Ke5 65. Rg4 Ke4 66. Rxf4+ Rxf4 67. Kg3 Rf3+ 68. Kg2 Re3 69. Qc6+ Kd3 70. Qxh6 b5 71. Qc6 Re5 72. Kf1 Kd2 73. Qh6+ Kc3 74. Qf4 Re8 75. Qf5 d3 76. Qxb5 Re2 77. h4 1-0

[Event "Wch U14"]
[Site "Florianopolis"]
[Date "2024.10.30"]
[Round "2"]
[White "Topencik, Bruno"]
[Black "Myny, Sigur H"]
[Result "1/2-1/2"]
[WhiteElo "2088"]
[BlackElo "1883"]
[PlyCount "86"]
[EventDate "2024.10.29"]
[EventType "swiss"]
[EventRounds "11"]
[EventCountry "BRA"]
[SourceTitle "CB45_2024"]
[Source "ChessBase"]
[SourceDate "2024.11.06"]
[SourceVersion "1"]
[SourceVersionDate "2024.11.06"]
[SourceQuality "1"]

1. d4 d5 2. c4 e6 3. Nf3 Nf6 4. Nc3 c6 5. e3 Nbd7 6. Bd3 dxc4 7. Bxc4 b5 8. Be2 Bb7 9. 0-0 a6 10. b3 Be7 11. Bb2 0-0 12. Rc1 c5 13. Rc2 Qb6 14. Qa1 Rac8 15. Rd2 Rfd8 16. Rfd1 Qc6 17. dxc5 Nxc5 18. Bf1 Qc7 19. Be2 b4 20. Rxd8+ Rxd8 21. Na4 Nxa4 22. bxa4 Qc2 23. Rxd8+ Bxd8 24. Qd1 Qxd1+ 25. Bxd1 Ne4 26. Bc2 Nc3 27. Bxc3 bxc3 28. Ne1 Bc7 29. f3 Kf8 30. Kf2 Ke7 31. Bb3 Kd6 32. h3 a5 33. Ke2 Ba6+ 34. Nd3 Bd8 35. e4 Bg5 36. g3 Bd2 37. Bc2 e5 38. Bb3 f6 39. Bc2 Bh6 40. Kd1 Bc4 41. Bb1 Bxd3 42. Bxd3 Kc5 43. Bc2 Bd2 1/2-1/2